|
|
|
|
| LEADER |
02019nam a22004455i 4500 |
| 001 |
978-3-540-31472-1 |
| 003 |
DE-He213 |
| 005 |
20151116131420.0 |
| 007 |
cr nn 008mamaa |
| 008 |
100806s2005 gw | s |||| 0|eng d |
| 020 |
|
|
|a 9783540314721
|9 978-3-540-31472-1
|
| 024 |
7 |
|
|a 10.1007/b98359
|2 doi
|
| 040 |
|
|
|d GrThAP
|
| 050 |
|
4 |
|a QD415-436
|
| 072 |
|
7 |
|a PNN
|2 bicssc
|
| 072 |
|
7 |
|a SCI013040
|2 bisacsh
|
| 082 |
0 |
4 |
|a 547
|2 23
|
| 245 |
1 |
0 |
|a Collagen
|h [electronic resource] :
|b Primer in Structure, Processing and Assembly /
|c edited by Jürgen Brinckmann, Holger Notbohm, P. K. Müller.
|
| 264 |
|
1 |
|a Berlin, Heidelberg :
|b Springer Berlin Heidelberg,
|c 2005.
|
| 300 |
|
|
|a X, 254 p.
|b online resource.
|
| 336 |
|
|
|a text
|b txt
|2 rdacontent
|
| 337 |
|
|
|a computer
|b c
|2 rdamedia
|
| 338 |
|
|
|a online resource
|b cr
|2 rdacarrier
|
| 347 |
|
|
|a text file
|b PDF
|2 rda
|
| 490 |
1 |
|
|a Topics in Current Chemistry,
|x 0340-1022 ;
|v 247
|
| 505 |
0 |
|
|a J. Brinckmann: Collagens at a Glance -- J. Engel, H.P. Bächinger: Structure, Stability and Folding of the Collagen Triple Helix -- S. Ricard-Blum, F. Ruggiero, M. van der Rest: The Collagen Superfamily -- T. Koide, K. Nagata: Collagen Biosynthesis -- J. Myllyharju: Intracellular Post-Translational Modifications of Collagens -- D.S. Greenspan: Biosynthetic Processing of Collagen Molecules -- D.E. Birk, P. Bruckner: Collagen Suprastructures -- D.R. Eyre, J.-J. Wu: Collagen Cross-Links.
|
| 650 |
|
0 |
|a Chemistry.
|
| 650 |
|
0 |
|a Organic chemistry.
|
| 650 |
1 |
4 |
|a Chemistry.
|
| 650 |
2 |
4 |
|a Organic Chemistry.
|
| 700 |
1 |
|
|a Brinckmann, Jürgen.
|e editor.
|
| 700 |
1 |
|
|a Notbohm, Holger.
|e editor.
|
| 700 |
1 |
|
|a Müller, P. K.
|e editor.
|
| 710 |
2 |
|
|a SpringerLink (Online service)
|
| 773 |
0 |
|
|t Springer eBooks
|
| 776 |
0 |
8 |
|i Printed edition:
|z 9783540232728
|
| 830 |
|
0 |
|a Topics in Current Chemistry,
|x 0340-1022 ;
|v 247
|
| 856 |
4 |
0 |
|u http://dx.doi.org/10.1007/b98359
|z Full Text via HEAL-Link
|
| 912 |
|
|
|a ZDB-2-CMS
|
| 950 |
|
|
|a Chemistry and Materials Science (Springer-11644)
|